[Event "Alberta active ch"]
[Site "Edmonton CAN"]
[Date "2003.07.26"]
[Round "6"]
[White "Li, Zhichao"]
[Black "Dean, Tim"]
[Result "0-1"]
[WhiteElo "2027"]
[BlackElo "1768"]
[PlyCount "88"]
[EventDate "2003.07.26"]
[EventType "rapid"]
[EventCountry "CAN"]

1. e4 e5 2. Nf3 Nc6 3. Bc4 Bc5 4. c3 Nf6 5. d4 exd4 6. cxd4 Bb4+ 7. Bd2 Bxd2+
8. Nbxd2 d5 9. exd5 Nxd5 10. Qb3 Na5 11. Qa4+ Nc6 12. Ne5 O-O 13. Nxc6 Qe8+ 14.
Kf1 Nb6 15. Qb3 Nxc4 16. Qxc4 bxc6 17. Re1 Qd8 18. f3 a5 19. Kf2 Ba6 20. Qc3
Qh4+ 21. g3 Qh3 22. Re4 Rfe8 23. Qe3 Kf8 24. Qa3+ Kg8 25. Qc5 Bd3 26. Re5 f6
27. Re3 Rxe3 28. Kxe3 Bg6 29. Qc4+ Kh8 30. Kf2 Qd7 31. Re1 Re8 32. Rxe8+ Qxe8
33. Qe2 Qd7 34. Qe3 Bf7 35. a3 Bd5 36. Nb1 h6 37. Nc3 Qf5 38. Nxd5 cxd5 39. Qc3
Kh7 40. Qxc7 Qd3 41. Qc3 Qd1 42. Kg2 Qe2+ 43. Kh3 f5 44. b4 Qf1+ 0-1

[Event "Alberta op"]
[Site "Edmonton CAN"]
[Date "2003.10.11"]
[Round "1"]
[White "Balbutin, Nelson"]
[Black "McMaster, Carolyn"]
[Result "1-0"]
[WhiteElo "2215"]
[BlackElo "1690"]
[PlyCount "25"]
[EventDate "2003.10.11"]
[EventType "swiss"]
[EventRounds "6"]
[EventCountry "CAN"]

1. d4 Nf6 2. c4 d5 3. Nf3 g6 4. Nc3 Bg7 5. Qb3 c6 6. Bf4 Qa5 7. e3 Ne4 8. Rc1
Nd7 9. cxd5 Nxc3 10. Rxc3 cxd5 11. Bb5 a6 12. Bxd7+ Kxd7 13. O-O 1-0

[Event "Alberta op"]
[Site "Edmonton CAN"]
[Date "2003.10.11"]
[Round "1"]
[White "Huber, Greg"]
[Black "Asquith, Tom"]
[Result "1-0"]
[WhiteElo "2279"]
[BlackElo "1653"]
[PlyCount "49"]
[EventDate "2003.10.11"]
[EventType "swiss"]
[EventRounds "6"]
[EventCountry "CAN"]

1. c4 Nf6 2. g3 c6 3. Bg2 d5 4. cxd5 cxd5 5. Nf3 Nc6 6. O-O e5 7. d4 e4 8. Ne5
Bd6 9. Nxc6 bxc6 10. Nc3 Rb8 11. b3 O-O 12. Bf4 Bxf4 13. gxf4 Qd6 14. e3 Ng4
15. h3 Nh6 16. Ne2 Nf5 17. Ng3 c5 18. dxc5 Qxc5 19. Rc1 Qb6 20. Rxc8 Nxg3 21.
Rxf8+ Kxf8 22. fxg3 Qxe3+ 23. Kh2 Qc5 24. Re1 Rd8 25. Rxe4 1-0

[Event "Alberta op"]
[Site "Edmonton CAN"]
[Date "2003.10.11"]
[Round "1"]
[White "McIntosh, Danny"]
[Black "Ristovic, Nenad"]
[Result "0-1"]
[WhiteElo "1670"]
[BlackElo "2328"]
[PlyCount "50"]
[EventDate "2003.10.11"]
[EventType "swiss"]
[EventRounds "6"]
[EventCountry "CAN"]

1. d4 d5 2. c4 e6 3. Nc3 c6 4. Nf3 Nf6 5. Bg5 dxc4 6. e4 b5 7. e5 h6 8. Bh4 g5
9. Nxg5 Nd5 10. Nxf7 Qxh4 11. Nxh8 Bb4 12. Qf3 Qxd4 13. Qf7+ Kd8 14. Qg8+ Kc7
15. Nf7 Nxc3 16. Bd3 Qxd3 17. Qd8+ Qxd8 18. Nxd8 Nd5+ 19. Ke2 Kxd8 20. g3 Bb7
21. Rhd1 c5 22. Kf3 Nc6 23. Ke4 Ke7 24. f4 Nd4 25. Rdc1 Bd2 0-1

[Event "Alberta op"]
[Site "Edmonton CAN"]
[Date "2003.10.11"]
[Round "1"]
[White "Pivovarov, Juraj"]
[Black "Park, Roland"]
[Result "1-0"]
[WhiteElo "1769"]
[BlackElo "900"]
[PlyCount "71"]
[EventDate "2003.10.11"]
[EventType "swiss"]
[EventRounds "6"]
[EventCountry "CAN"]

1. e4 e5 2. f4 d5 3. Nc3 Nf6 4. exd5 Nxd5 5. Nf3 Bg4 6. fxe5 Nxc3 7. bxc3 Qd5
8. d4 Qe4+ 9. Qe2 Qxe2+ 10. Bxe2 Be7 11. O-O O-O 12. Rb1 b6 13. Bc4 Kh8 14. Bd5
c6 15. Be4 f6 16. Nh4 f5 17. Nxf5 Be2 18. Rf2 Bg4 19. Nxe7 Nd7 20. Rxf8+ Rxf8
21. Bxc6 Be2 22. Ba3 Rd8 23. Re1 Bc4 24. Re3 Bxa2 25. Rf3 Nxe5 26. dxe5 Rd1+
27. Kf2 Rd2+ 28. Ke3 Rd8 29. Bd5 Bxd5 30. Nxd5 h6 31. Rf8+ Rxf8 32. Bxf8 Kg8
33. Ba3 Kf7 34. Nc7 g5 35. e6+ Kg6 36. e7 1-0

[Event "Alberta op"]
[Site "Edmonton CAN"]
[Date "2003.10.11"]
[Round "1"]
[White "Reeve, Jeff"]
[Black "Beebe, Greg"]
[Result "1-0"]
[WhiteElo "2386"]
[BlackElo "1754"]
[PlyCount "27"]
[EventDate "2003.10.11"]
[EventType "swiss"]
[EventRounds "6"]
[EventCountry "CAN"]

1. e4 c5 2. Nf3 d6 3. d4 cxd4 4. Nxd4 Nf6 5. Nc3 a6 6. Bc4 e6 7. O-O Qc7 8. Bb3
Be7 9. Be3 Nc6 10. f4 Na5 11. Qf3 Nxb3 12. axb3 b5 13. Ndxb5 Bb7 14. Nxc7+ 1-0

[Event "Alberta op"]
[Site "Edmonton CAN"]
[Date "2003.10.11"]
[Round "1"]
[White "Smith, Kevin"]
[Black "Gardner, Robert"]
[Result "0-1"]
[WhiteElo "1639"]
[BlackElo "2275"]
[PlyCount "58"]
[EventDate "2003.10.11"]
[EventType "swiss"]
[EventRounds "6"]
[EventCountry "CAN"]

1. d4 Nf6 2. c4 c5 3. d5 b5 4. cxb5 a6 5. bxa6 g6 6. g3 Bxa6 7. Bg2 d6 8. Nf3
Bg7 9. O-O Nbd7 10. Nc3 Nb6 11. Re1 O-O 12. Rb1 Bc4 13. b3 Nfxd5 14. Nxd5 Bxd5
15. a3 Be4 16. Nd2 Bxg2 17. Kxg2 Nd5 18. Ne4 e6 19. Bf4 f5 20. Ng5 Qe7 21. Qd3
Rxa3 22. Red1 Nxf4+ 23. gxf4 d5 24. Qe3 Re8 25. Rdc1 c4 26. Rc2 h6 27. Nf3 Rb8
28. Nd2 c3 29. Rxc3 d4 0-1

[Event "Alberta op"]
[Site "Edmonton CAN"]
[Date "2003.10.11"]
[Round "2"]
[White "Asquith, Tom"]
[Black "Fokkema, Jerred"]
[Result "1-0"]
[WhiteElo "1653"]
[BlackElo "1331"]
[PlyCount "45"]
[EventDate "2003.10.11"]
[EventType "swiss"]
[EventRounds "6"]
[EventCountry "CAN"]

1. c4 e5 2. g3 Nf6 3. Bg2 c6 4. Nc3 d5 5. cxd5 cxd5 6. Qb3 e4 7. Nh3 b6 8. O-O
Be6 9. Nf4 Qd7 10. Nxe6 Qxe6 11. Nb5 Qd7 12. d3 exd3 13. Qxd3 Be7 14. Rd1 Nc6
15. a3 Ne5 16. Qb3 Rd8 17. Bf4 Bd6 18. Bxd5 Nxd5 19. Rxd5 Qe7 20. Rad1 O-O 21.
Nxd6 Ng6 22. Bg5 f6 23. Re5+ 1-0

[Event "Alberta op"]
[Site "Edmonton CAN"]
[Date "2003.10.11"]
[Round "2"]
[White "Bentley, Bill"]
[Black "Huber, Greg"]
[Result "0-1"]
[WhiteElo "1863"]
[BlackElo "2279"]
[PlyCount "68"]
[EventDate "2003.10.11"]
[EventType "swiss"]
[EventRounds "6"]
[EventCountry "CAN"]

1. d4 Nf6 2. Nf3 g6 3. Nc3 Bg7 4. e4 O-O 5. e5 Ne8 6. Be3 d6 7. Qd2 Nc6 8. exd6
Nxd6 9. Bh6 Bxh6 10. Qxh6 Nf5 11. Qf4 Ncxd4 12. O-O-O Ne6 13. Qe5 Qe8 14. g4 f6
15. Qe1 Nd6 16. h4 Nf4 17. Rg1 e5 18. g5 e4 19. Nd4 f5 20. Qd2 Qe5 21. Nde2
Nxe2+ 22. Bxe2 Be6 23. Kb1 Rad8 24. h5 f4 25. hxg6 hxg6 26. Nd5 Bxd5 27. Qxd5+
Qxd5 28. Rxd5 f3 29. Bd1 Nc4 30. Rxd8 Rxd8 31. c3 Nd2+ 32. Kc1 e3 33. fxe3 f2
34. Rh1 f1=Q 0-1

[Event "Alberta op"]
[Site "Edmonton CAN"]
[Date "2003.10.11"]
[Round "2"]
[White "Gardner, Robert"]
[Black "Climenhaga, Harold"]
[Result "1-0"]
[WhiteElo "2275"]
[BlackElo "1848"]
[PlyCount "60"]
[EventDate "2003.10.11"]
[EventType "swiss"]
[EventRounds "6"]
[EventCountry "CAN"]

1. e4 c5 2. Nf3 e6 3. d4 cxd4 4. Nxd4 a6 5. Bd3 Nc6 6. Nxc6 dxc6 7. O-O e5 8.
a4 b6 9. Be3 c5 10. Nd2 Nf6 11. Nc4 Qc7 12. f4 Bd6 13. Nxd6+ Qxd6 14. Bb5+ Ke7
15. Qxd6+ Kxd6 16. fxe5+ Kxe5 17. Bf4+ Ke6 18. Bc4+ Ke7 19. e5 Nh5 20. Bg5+ f6
21. exf6+ gxf6 22. Rae1+ Kd6 23. Bxf6 Nxf6 24. Rxf6+ Kc7 25. Re7+ Bd7 26. Rff7
Rhd8 27. Be6 Kd6 28. Bxd7 Ra7 29. Re6+ Kd5 30. Rf5+ Kd4 1-0

[Event "Alberta op"]
[Site "Edmonton CAN"]
[Date "2003.10.11"]
[Round "2"]
[White "Gluckie, Jamin"]
[Black "Quiring, John"]
[Result "1/2-1/2"]
[WhiteElo "1755"]
[BlackElo "1923"]
[PlyCount "85"]
[EventDate "2003.10.11"]
[EventType "swiss"]
[EventRounds "6"]
[EventCountry "CAN"]

1. d4 Nf6 2. c4 g6 3. Nc3 d5 4. Nf3 Bg7 5. Bg5 c6 6. e3 Qa5 7. Qb3 Nbd7 8. Bd3
O-O 9. cxd5 cxd5 10. O-O e6 11. Rfc1 a6 12. Bf4 Re8 13. Na4 b5 14. Nc5 Nxc5 15.
Rxc5 Nd7 16. Rc6 e5 17. Nxe5 Nxe5 18. Bxe5 Bxe5 19. dxe5 Bb7 20. Qc3 Qxc3 21.
Rxc3 Rxe5 22. a3 Re7 23. Rac1 d4 24. Rc7 Rae8 25. Rxe7 Rxe7 26. exd4 Rd7 27. g3
Rxd4 28. Rc3 Bf3 29. b4 Kg7 30. Kf1 h5 31. h4 f6 32. Ke1 g5 33. hxg5 fxg5 34.
Kd2 Be4 35. Ke3 Rxd3+ 36. Rxd3 Bxd3 37. Kxd3 Kf6 38. Ke4 Ke6 39. Kf3 Kf5 40.
g4+ hxg4+ 41. Kg3 Kf6 42. Kxg4 Kg6 43. f4 1/2-1/2

[Event "Alberta op"]
[Site "Edmonton CAN"]
[Date "2003.10.11"]
[Round "2"]
[White "Kazakevich, Anastasia"]
[Black "Reeve, Jeff"]
[Result "1/2-1/2"]
[WhiteElo "1849"]
[BlackElo "2386"]
[PlyCount "76"]
[EventDate "2003.10.11"]
[EventType "swiss"]
[EventRounds "6"]
[EventCountry "CAN"]

1. d4 d6 2. c4 e5 3. dxe5 dxe5 4. Qxd8+ Kxd8 5. Nc3 c6 6. Bd2 Be6 7. e4 Nd7 8.
O-O-O Kc7 9. f4 f6 10. f5 Bf7 11. Nf3 Ne7 12. Be2 Nc8 13. Be3 Ncb6 14. b3 a5
15. Kc2 Bb4 16. a4 Rhd8 17. Ne1 Nc5 18. Nd3 Nbd7 19. Nxc5 Nxc5 20. Bf3 Na6 21.
Rxd8 Rxd8 22. Rd1 Rxd1 23. Bxd1 Bc5 24. Bxc5 Nxc5 25. Bf3 Kd6 26. g4 Na6 27.
Nd1 Nc7 28. Kc3 b5 29. Nb2 g6 30. h3 Be8 31. Be2 b4+ 32. Kd2 c5 33. Nd1 gxf5
34. gxf5 Na6 35. Ne3 Bf7 36. Nd5 Bxd5 37. cxd5 Nc7 38. Ke3 Na8 1/2-1/2

[Event "Alberta op"]
[Site "Edmonton CAN"]
[Date "2003.10.11"]
[Round "2"]
[White "Ristovic, Nenad"]
[Black "Milne, Arthur"]
[Result "1-0"]
[WhiteElo "2328"]
[BlackElo "1818"]
[PlyCount "35"]
[EventDate "2003.10.11"]
[EventType "swiss"]
[EventRounds "6"]
[EventCountry "CAN"]

1. d4 d6 2. c4 e5 3. Nf3 e4 4. Ng5 f5 5. g3 Be7 6. Nh3 Nf6 7. Bg2 O-O 8. O-O c6
9. Nc3 Na6 10. d5 Nc7 11. Nf4 c5 12. h4 Rb8 13. a4 Ng4 14. Bd2 Bf6 15. Qc2 Bd7
16. Nb5 Bxb5 17. axb5 a6 18. b6 1-0

[Event "Alberta op"]
[Site "Edmonton CAN"]
[Date "2003.10.11"]
[Round "2"]
[White "Yearwood, Roy"]
[Black "Pivovarov, Juraj"]
[Result "0-1"]
[WhiteElo "2093"]
[BlackElo "1769"]
[PlyCount "86"]
[EventDate "2003.10.11"]
[EventType "swiss"]
[EventRounds "6"]
[EventCountry "CAN"]

1. c4 e5 2. Nc3 Bb4 3. Nd5 Bc5 4. d4 Bxd4 5. Nf3 c6 6. Nxd4 exd4 7. Qxd4 cxd5
8. Qxg7 Qf6 9. Bh6 Qxh6 10. Qxh8 Kf8 11. cxd5 d6 12. e3 Bf5 13. Qd4 Nd7 14. g4
Ne5 15. Be2 Bd7 16. h4 Qg6 17. h5 Qc2 18. f3 Rc8 19. Rd1 Bb5 20. Qd2 Bxe2 21.
Kxe2 Ne7 22. e4 Qc4+ 23. Kf2 Nxg4+ 24. Kg3 Ne5 25. Qh6+ Ke8 26. Qxd6 Nd3 27.
Rh2 Qd4 28. Rhd2 Qg7+ 29. Kh3 Nxb2 30. Rf1 Qc3 31. Qh2 Nd3 32. d6 Rc5 33. d7+
Kxd7 34. Qe2 Rxh5+ 35. Kg4 Rd5 36. exd5 Qg7+ 37. Kh3 Nf4+ 38. Kh2 Nxe2 39. Rxe2
Nf5 40. Rg1 Qh6+ 41. Kg2 Qg5+ 42. Kf2 Qh4+ 43. Kf1 Ng3+ 0-1

[Event "Alberta op"]
[Site "Edmonton CAN"]
[Date "2003.10.12"]
[Round "3"]
[White "Asquith, Tom"]
[Black "Nguyen, Kim"]
[Result "0-1"]
[WhiteElo "1653"]
[BlackElo "1984"]
[PlyCount "66"]
[EventDate "2003.10.11"]
[EventType "swiss"]
[EventRounds "6"]
[EventCountry "CAN"]

1. c4 Nf6 2. g3 g6 3. Bg2 Bg7 4. Nc3 d6 5. e4 O-O 6. Nge2 c5 7. O-O Nc6 8. f4
Nd4 9. d3 Rb8 10. Nxd4 cxd4 11. Ne2 Nd7 12. f5 b5 13. cxb5 Rxb5 14. fxg6 hxg6
15. Nf4 Nc5 16. h4 Ne6 17. Nd5 Nc7 18. a4 Rb8 19. Nf4 e5 20. Nh3 Be6 21. h5 Qd7
22. Ng5 Bg4 23. Bf3 gxh5 24. Qc2 Ne6 25. Bxg4 hxg4 26. Qh2 Nxg5 27. Bxg5 f6 28.
Bc1 f5 29. Qg2 fxe4 30. Qxe4 Rxf1+ 31. Kxf1 Rf8+ 32. Kg2 Qf7 33. Qe2 Qh5 0-1

[Event "Alberta op"]
[Site "Edmonton CAN"]
[Date "2003.10.12"]
[Round "3"]
[White "Huber, Greg"]
[Black "Tomaras, Pavlos"]
[Result "1-0"]
[WhiteElo "2279"]
[BlackElo "1847"]
[PlyCount "85"]
[EventDate "2003.10.11"]
[EventType "swiss"]
[EventRounds "6"]
[EventCountry "CAN"]

1. c4 e5 2. Nc3 f5 3. g3 Nf6 4. Bg2 Nc6 5. e3 Be7 6. Nge2 O-O 7. O-O e4 8. d3
exd3 9. Nf4 Ne5 10. b3 c6 11. Nxd3 Ng6 12. Bb2 d6 13. Qc2 Be6 14. Rad1 Qc7 15.
Rfe1 Rad8 16. Ne2 Ne5 17. Ndf4 Bf7 18. Nd4 Qc8 19. Qxf5 Qxf5 20. Nxf5 Rfe8 21.
Bxe5 dxe5 22. Nxe7+ Kf8 23. Nxc6 bxc6 24. Rxd8 Rxd8 25. Ne2 e4 26. Nc3 Bg6 27.
Rd1 Rd3 28. Rxd3 exd3 29. Kf1 Ng4 30. h3 Ne5 31. f4 Nd7 32. Bxc6 Nc5 33. Ke1 a5
34. Kd2 Ke7 35. e4 Be8 36. Bxe8 Kxe8 37. a3 Nxb3+ 38. Kxd3 Kd7 39. e5 Ke6 40.
Ne4 h6 41. Nd2 Nc1+ 42. Ke4 Ne2 43. f5+ 1-0

[Event "Alberta op"]
[Site "Edmonton CAN"]
[Date "2003.10.12"]
[Round "3"]
[White "Kaminski, Victor"]
[Black "Ristovic, Nenad"]
[Result "0-1"]
[WhiteElo "1999"]
[BlackElo "2328"]
[PlyCount "92"]
[EventDate "2003.10.11"]
[EventType "swiss"]
[EventRounds "6"]
[EventCountry "CAN"]

1. d4 d5 2. Nf3 c6 3. Bf4 Qb6 4. Qc1 Bg4 5. Nbd2 Nd7 6. e3 e6 7. Bd3 Ngf6 8.
O-O Nh5 9. Bg3 Nxg3 10. hxg3 Be7 11. c4 Bh5 12. c5 Qc7 13. b4 Bg6 14. Qc3 O-O
15. a4 Bf6 16. Nb3 Rfe8 17. Rfc1 Bh5 18. Nfd2 e5 19. dxe5 Nxe5 20. Nd4 Bg6 21.
Bxg6 hxg6 22. N2f3 Ng4 23. Rab1 Re4 24. b5 Rae8 25. Re1 Nh6 26. Qd2 Nf5 27.
Nxf5 gxf5 28. Nd4 cxb5 29. axb5 Qxc5 30. Rec1 Qb6 31. Nxf5 g6 32. f3 R4e5 33.
Nh6+ Kg7 34. Ng4 Rxe3 35. Nxe3 Bd4 36. Kf1 Bxe3 37. Qb2+ d4 38. Rd1 Qd6 39. Ra1
Kg8 40. f4 Qc5 41. Qe2 Re6 42. Ra4 Bxf4 43. Rc4 Qf5 44. Qf3 Be3 45. Qxf5 gxf5
46. Rc5 Rf6 0-1

[Event "Alberta op"]
[Site "Edmonton CAN"]
[Date "2003.10.12"]
[Round "3"]
[White "Pivovarov, Juraj"]
[Black "Balbutin, Nelson"]
[Result "0-1"]
[WhiteElo "1769"]
[BlackElo "2215"]
[PlyCount "126"]
[EventDate "2003.10.11"]
[EventType "swiss"]
[EventRounds "6"]
[EventCountry "CAN"]

1. c4 Nf6 2. g3 c5 3. Bg2 e6 4. Nc3 Nc6 5. Nf3 Be7 6. O-O b6 7. d4 d5 8. cxd5
Nxd5 9. e4 Nxc3 10. bxc3 cxd4 11. cxd4 O-O 12. Be3 Ba6 13. Re1 Bb4 14. Bd2 Rc8
15. Bxb4 Nxb4 16. Qa4 Rc4 17. a3 b5 18. Qb3 Nc2 19. Bf1 Nxe1 20. Rxe1 Ra4 21.
Ra1 Qa5 22. Ne5 Rc8 23. Qf3 f6 24. Bh3 Qb6 25. d5 Re8 26. Nd7 Qd4 27. Rd1 Qxe4
28. Qxe4 Rxe4 29. Nc5 exd5 30. Nxa6 Re1+ 31. Rxe1 Rxe1+ 32. Kg2 d4 33. Nb4 a5
34. Nd3 Rd1 35. Nc5 Ra1 36. Bd7 Rxa3 37. Bxb5 Kf7 38. Nb3 Ke6 39. Nxd4+ Kd5 40.
Nc2 Rc3 41. Ne3+ Kc5 42. Ba4 Ra3 43. Bd1 a4 44. Kf3 Ra1 45. Ke2 a3 46. Bb3 Rb1
47. Bg8 a2 48. Bxa2 Rb2+ 49. Kf3 Rxa2 50. g4 g6 51. h4 Kd4 52. Ng2 Ra3+ 53. Ne3
Ke5 54. Ke2 Kf4 55. Nd5+ Kxg4 56. Nxf6+ Kxh4 57. Nxh7 Ra6 58. f4 Kg4 59. Ng5
Kxf4 60. Nh3+ Kg3 61. Ng5 Kg4 62. Ne4 Re6 63. Kd3 Rxe4 0-1

[Event "Alberta op"]
[Site "Edmonton CAN"]
[Date "2003.10.12"]
[Round "3"]
[White "Reeve, Jeff"]
[Black "Boik, Andrew"]
[Result "1-0"]
[WhiteElo "2386"]
[BlackElo "1877"]
[PlyCount "81"]
[EventDate "2003.10.11"]
[EventType "swiss"]
[EventRounds "6"]
[EventCountry "CAN"]

1. e4 c5 2. Nf3 d6 3. d4 cxd4 4. Nxd4 Nf6 5. Nc3 a6 6. f3 e6 7. Be3 Be7 8. Qd2
Qc7 9. g4 b5 10. g5 Nfd7 11. O-O-O b4 12. Na4 Qa5 13. b3 Nc5 14. a3 Nxa4 15.
axb4 Qc7 16. bxa4 Bd7 17. a5 Nc6 18. Nb3 Rb8 19. Bb6 Rxb6 20. axb6 Qxb6 21. c3
O-O 22. h4 Rc8 23. Kb2 a5 24. b5 a4 25. Ra1 Ne5 26. Qd4 Qc7 27. Nd2 d5 28. f4
a3+ 29. Kb3 Nc4 30. Nxc4 dxc4+ 31. Bxc4 Bc5 32. Qd3 Ra8 33. Rhf1 Qa5 34. Ka2
Rb8 35. Rab1 Rd8 36. Rfd1 Qc7 37. f5 exf5 38. exf5 Be7 39. b6 Qb8 40. b7 Be6
41. Qxd8+ 1-0

[Event "Alberta op"]
[Site "Edmonton CAN"]
[Date "2003.10.12"]
[Round "3"]
[White "Regimbald, Adrien"]
[Black "Gardner, Robert"]
[Result "0-1"]
[WhiteElo "1873"]
[BlackElo "2271"]
[PlyCount "54"]
[EventDate "2003.10.11"]
[EventType "swiss"]
[EventRounds "6"]
[EventCountry "CAN"]

1. c4 e5 2. Nc3 Nf6 3. g3 d5 4. cxd5 Nxd5 5. Bg2 Nb6 6. d3 Be7 7. Nf3 Nc6 8. b3
O-O 9. Bb2 Be6 10. Ne4 f5 11. Ned2 Bf6 12. O-O Qe8 13. Rb1 Rd8 14. Qc2 Bd5 15.
a3 e4 16. dxe4 fxe4 17. Ne1 e3 18. Ndf3 exf2+ 19. Rxf2 Be4 20. Nd3 Nd5 21. Bxf6
Nxf6 22. Rc1 Ng4 23. Qc4+ Kh8 24. Ng5 Nxf2 25. Nxe4 Nxe4 26. Qxe4 Nd4 27. Qxe8
Rfxe8 0-1

[Event "Alberta op"]
[Site "Edmonton CAN"]
[Date "2003.10.12"]
[Round "4"]
[White "Balbutin, Nelson"]
[Black "Huber, Greg"]
[Result "1/2-1/2"]
[WhiteElo "2215"]
[BlackElo "2279"]
[PlyCount "114"]
[EventDate "2003.10.11"]
[EventType "swiss"]
[EventRounds "6"]
[EventCountry "CAN"]

1. e4 c5 2. Nc3 Nc6 3. Nge2 g6 4. d4 cxd4 5. Nxd4 Bg7 6. Be3 Nf6 7. f3 O-O 8.
Qd2 d5 9. O-O-O dxe4 10. Nxc6 Qxd2+ 11. Bxd2 bxc6 12. Nxe4 Nxe4 13. fxe4 Bg4
14. Re1 a5 15. Bc4 Rfd8 16. Be3 Rab8 17. c3 a4 18. h3 Be6 19. Bxe6 fxe6 20. Kc2
Rb5 21. Rb1 Re5 22. Rbd1 Rxd1 23. Rxd1 Rxe4 24. Rd8+ Kf7 25. Kd3 Re5 26. Ra8
Rd5+ 27. Kc4 Re5 28. Bd4 Re2 29. Bxg7 Kxg7 30. Rxa4 Rxb2 31. g4 Rh2 32. Kc5
Rxh3 33. Rc4 h5 34. gxh5 gxh5 35. a4 Rh2 36. a5 Ra2 37. Kb6 Kf6 38. a6 e5 39.
Rc5 e4 40. a7 e3 41. Rxh5 e2 42. Rh1 Rb2+ 43. Kxc6 Ra2 44. Kb7 Rb2+ 45. Kc7 Ra2
46. Kb7 Rb2+ 47. Kc6 Ra2 48. Re1 Rxa7 49. Rxe2 e5 50. c4 Kf5 51. c5 e4 52. Kd5
Rd7+ 53. Kc4 Kf4 54. c6 Rc7 55. Kd5 e3 56. Kd6 Rxc6+ 57. Kxc6 Kf3 1/2-1/2

[Event "Alberta op"]
[Site "Edmonton CAN"]
[Date "2003.10.12"]
[Round "4"]
[White "Haessel, Dale"]
[Black "Reeve, Jeff"]
[Result "0-1"]
[WhiteElo "2201"]
[BlackElo "2386"]
[PlyCount "62"]
[EventDate "2003.10.11"]
[EventType "swiss"]
[EventRounds "6"]
[EventCountry "CAN"]

1. c4 d6 2. g3 g6 3. Bg2 Bg7 4. Nc3 e5 5. e4 Nc6 6. Nge2 f5 7. exf5 gxf5 8. d3
Nf6 9. O-O O-O 10. d4 Kh8 11. dxe5 dxe5 12. Qxd8 Nxd8 13. b3 c6 14. Bb2 Nf7 15.
Rad1 Be6 16. Na4 Rad8 17. Ba3 Rxd1 18. Rxd1 Rd8 19. Rxd8+ Nxd8 20. Bb2 Nd7 21.
f4 b5 22. cxb5 cxb5 23. Nac3 e4 24. Ba3 a6 25. Bh3 Kg8 26. Kf2 Kf7 27. Nd1 h5
28. Bb2 Bxb2 29. Nxb2 Nc6 30. Ke3 Nf6 31. Nd4 Nd5+ 0-1

[Event "Alberta op"]
[Site "Edmonton CAN"]
[Date "2003.10.12"]
[Round "4"]
[White "Hughey, Micah"]
[Black "Quiring, John"]
[Result "1-0"]
[WhiteElo "2094"]
[BlackElo "1923"]
[PlyCount "89"]
[EventDate "2003.10.11"]
[EventType "swiss"]
[EventRounds "6"]
[EventCountry "CAN"]

1. e4 e6 2. Qe2 c5 3. Nf3 Nc6 4. d3 g6 5. g3 Bg7 6. Bg2 Nge7 7. Nbd2 O-O 8. O-O
Qc7 9. Re1 a6 10. a4 b6 11. c3 Bb7 12. e5 d5 13. exd6 Qxd6 14. Nc4 Qd8 15. Bf4
Nd5 16. Be5 Nxe5 17. Ncxe5 Qc7 18. Ng5 Qxe5 19. Qxe5 Bxe5 20. Rxe5 Rab8 21. Ne4
Rfd8 22. a5 Ne7 23. axb6 Bxe4 24. dxe4 Rxb6 25. Ra2 Rc6 26. Ra5 Rd2 27. Rexc5
Rxc5 28. Rxc5 Rxb2 29. Ra5 Rb1+ 30. Bf1 Re1 31. Ra4 a5 32. Kg2 Nc6 33. f4 Rb1
34. Ba6 Kf8 35. e5 Ke7 36. Bd3 Rb3 37. Rc4 Kd7 38. Rc5 Ne7 39. Rxa5 Rxc3 40.
Bb5+ Kd8 41. Ra8+ Nc8 42. Ba6 Rc7 43. Kh3 h5 44. Kh4 Kd7 45. Kg5 1-0

[Event "Alberta op"]
[Site "Edmonton CAN"]
[Date "2003.10.12"]
[Round "4"]
[White "Kaminski, Thomas"]
[Black "Fokkema, Jerred"]
[Result "1-0"]
[WhiteElo "1639"]
[BlackElo "1331"]
[PlyCount "65"]
[EventDate "2003.10.11"]
[EventType "swiss"]
[EventRounds "6"]
[EventCountry "CAN"]

1. e4 e5 2. Nf3 Nc6 3. Bc4 Bc5 4. Nc3 Nf6 5. d3 h6 6. O-O d6 7. h3 O-O 8. Be3
Bb6 9. Bxb6 axb6 10. a3 Be6 11. Ba2 Bxa2 12. Rxa2 Qd7 13. Ra1 Rfd8 14. Nh2 Nd4
15. Ne2 Nxe2+ 16. Qxe2 Nh7 17. f4 exf4 18. Rxf4 Ng5 19. Raf1 Rf8 20. Qh5 Ne6
21. Rg4 Kh7 22. Qh4 Qd8 23. Qf2 Qe7 24. Rg3 Rad8 25. Ng4 f6 26. Ne3 Qd7 27.
Qf5+ Kh8 28. Rg6 Nd4 29. Qh5 Qf7 30. Nd5 Ne2+ 31. Kh2 Nd4 32. Nxf6 Qe6 33.
Rxh6+ 1-0

[Event "Alberta op"]
[Site "Edmonton CAN"]
[Date "2003.10.12"]
[Round "4"]
[White "Mrdeza, Jason"]
[Black "Asquith, Tom"]
[Result "0-1"]
[WhiteElo "1285"]
[BlackElo "1653"]
[PlyCount "118"]
[EventDate "2003.10.11"]
[EventType "swiss"]
[EventRounds "6"]
[EventCountry "CAN"]

1. e4 c6 2. d4 d5 3. e5 Bf5 4. f4 e6 5. Nc3 c5 6. Nf3 a6 7. a4 Nc6 8. Be3 Nb4
9. Bd3 Nxd3+ 10. cxd3 Bg4 11. dxc5 d4 12. Ne4 dxe3 13. Nd6+ Bxd6 14. cxd6 Qa5+
15. Ke2 Nh6 16. Kxe3 Nf5+ 17. Kf2 Qb6+ 18. d4 Bxf3 19. Kxf3 Nxd4+ 20. Kg3 Nf5+
21. Kh3 O-O 22. Qd2 Qd8 23. g3 Qb6 24. Ra3 h5 25. Rc1 Rad8 26. d7 Ne7 27. Rac3
Nd5 28. Rc8 Rxd7 29. Rxf8+ Kxf8 30. Rc8+ Rd8 31. a5 Nxf4+ 32. Qxf4 Qxa5 33.
Rxd8+ Qxd8 34. Qb4+ Qe7 35. Qb6 g5 36. g4 h4 37. Kg2 Qd7 38. Kf2 Qd2+ 39. Kf1
Qf4+ 40. Kg1 Qxg4+ 41. Kf2 Qf5+ 42. Ke3 Qxe5+ 43. Kf3 Qd5+ 44. Ke3 Qe5+ 45. Kd3
Qf5+ 46. Ke3 Qd5 47. h3 Kg7 48. b4 Qg2 49. Qd4+ Kg6 50. Qd3+ f5 51. Qd8 Qxh3+
52. Kf2 Qg3+ 53. Ke2 Qe5+ 54. Kf2 Kh5 55. Qd1+ g4 56. Qd8 g3+ 57. Kg1 Qe1+ 58.
Kg2 Qf2+ 59. Kh3 Qh2# 0-1

[Event "Alberta op"]
[Site "Edmonton CAN"]
[Date "2003.10.12"]
[Round "4"]
[White "Pivovarov, Juraj"]
[Black "Kaminski, Victor"]
[Result "0-1"]
[WhiteElo "1751"]
[BlackElo "1999"]
[PlyCount "70"]
[EventDate "2003.10.11"]
[EventType "swiss"]
[EventRounds "6"]
[EventCountry "CAN"]

1. f4 c5 2. g3 Nc6 3. Bg2 g6 4. Nf3 Bg7 5. Nc3 Nf6 6. O-O d5 7. e3 O-O 8. d4 e6
9. b3 Ne4 10. Ne2 f5 11. Bb2 b6 12. Rc1 a5 13. Ba1 Ba6 14. dxc5 Bxa1 15. Rxa1
bxc5 16. Nd2 Qb6 17. Bxe4 fxe4 18. c4 Nb4 19. g4 Rad8 20. Ng3 dxc4 21. Rf2 c3
22. Ngxe4 cxd2 23. Rxd2 Bd3 24. Ng5 c4 25. Qf3 h6 26. Ne4 Nc2 27. Rxc2 Bxc2 28.
bxc4 Bxe4 29. Qxe4 Kh7 30. h4 Rd7 31. h5 e5 32. c5 Qe6 33. fxe5 Kh8 34. hxg6
Rg7 35. Kg2 Qxg6 0-1

[Event "Alberta op"]
[Site "Edmonton CAN"]
[Date "2003.10.13"]
[Round "5"]
[White "Climenhaga, Harold"]
[Black "Beebe, Greg"]
[Result "0-1"]
[WhiteElo "1848"]
[BlackElo "1754"]
[PlyCount "90"]
[EventDate "2003.10.11"]
[EventType "swiss"]
[EventRounds "6"]
[EventCountry "CAN"]

1. e4 c5 2. Nf3 d6 3. d4 cxd4 4. Nxd4 Nf6 5. Nc3 a6 6. Be3 Qc7 7. f4 Nbd7 8.
Be2 e5 9. Nb3 Be7 10. g4 exf4 11. Bxf4 Ne5 12. g5 Nfd7 13. Nd5 Qd8 14. Qd2 Nb6
15. Nxe7 Qxe7 16. Qd4 Nbc4 17. Bxc4 Nf3+ 18. Kf2 Nxd4 19. Nxd4 O-O 20. Rhe1 Be6
21. Bd3 f6 22. g6 hxg6 23. a4 Bf7 24. Re3 Qd7 25. Rg3 Rfe8 26. Rag1 d5 27. exd5
Qxd5 28. c3 Qh5 29. Bxg6 Bxg6 30. Rxg6 Re7 31. Bh6 Kh7 32. Bxg7 Qxg6 33. Rxg6
Kxg6 34. Bh6 Re4 35. Kf3 f5 36. Bf4 Rd8 37. Be3 Rh8 38. Bf4 Rh3+ 39. Bg3 Rh8
40. Bf4 Rc8 41. Be3 Rc4 42. a5 Ra4 43. b4 Ra2 44. Ne2 Rxe2 45. Kxe2 f4 0-1